Digital Possibilities of Internal Audit

Overenie účinnosti digitálnych možností interného auditu v marketingovej oblasti, ktorá je významnou súčasťou firemného riadenia. Rozbor aktuálnych teórií, analýza rizík marketingového odvetvia a aplikácia vhodných auditných techník.

Gespeichert in:
Bibliographische Detailangaben
1. Verfasser: Kupec, Václav
Format: Buchkapitel
Sprache:Englisch
Schlagworte:
Tags: Tag hinzufügen
Keine Tags, Fügen Sie das erste Tag hinzu!

MARC

LEADER 00000naa a2200000 4500
001 0241634
005 20180328145655.3
041 0 |a eng 
044 |a CZ 
245 1 0 |a Digital Possibilities of Internal Audit  |c Václav Kupec 
520 |a Overenie účinnosti digitálnych možností interného auditu v marketingovej oblasti, ktorá je významnou súčasťou firemného riadenia. Rozbor aktuálnych teórií, analýza rizík marketingového odvetvia a aplikácia vhodných auditných techník. 
610 2 0 |a audit 
610 2 0 |a audit interný 
610 2 0 |a digitalizácia 
610 2 0 |a technológie nové 
610 2 0 |a marketing 
610 2 0 |a manažment 
610 2 0 |a marketing manažment 
610 2 0 |a riziko 
100 1 |a Kupec, Václav